00636nam a2200193Ia 4500008004100000020001800041082001500059100001800074245003500092250000900127260004200136300002300178500001900201600003300220650001600253942000700269952014900276999001700425240925s9999 xx 000 0 und d a9788126556403 a515.15 ANT aAnton, Howard 0aCalculus: Late Transcendentals a10th aNew Delhi:bJohn Wiley & Sonsc,2016. a856p.b1fOriginal aIncludes Index aHumanities & Natural Science aMathematics cBK 001040708ETaUITUbUITUd2017-05-08eBook World Internationalg810.60l3o515.15 ANTpQ11483r2026-01-15 09:36:52s2025-12-26w2024-09-25yBK c13982d13982